Газофазный синтез тетрафторобромата бария из бромида бария; Химия и химическая технология в XXI веке; Т. 1

Podrobná bibliografie
Parent link:Химия и химическая технология в XXI веке: материалы XIV Всероссийской научно-практической конференции имени профессора Л.П. Кулёва студентов и молодых ученых с международным участием, Томск, 13-16 мая 2013 г/ Национальный исследовательский Томский политехнический университет (ТПУ); Институт природных ресурсов (ИПР) ; Институт физики высоких технологий (ИФВТ) ; Физико-технический институт (ФТИ).— , 2013
Т. 1.— 2013.— [С. 78-79]
Hlavní autor: Пастухов А. А.
Korporativní autor: Национальный исследовательский Томский политехнический университет (ТПУ) Физико-технический институт (ФТИ) Кафедра химической технологии редких, рассеянных и радиоактивных элементов (№ 43) (ХТРЭ)
Další autoři: Курский И. А. (научный руководитель), Соболев В. И. Василий Игоревич, Оствальд Р. В. Роман Вячеславович
Shrnutí:Заглавие с титульного экрана
Jazyk:ruština
Vydáno: 2013
Edice:Химия и химическая технология неорганических веществ и материалов
Témata:
On-line přístup:http://www.lib.tpu.ru/fulltext/c/2013/C27/V1/037.pdf
Médium: Elektronický zdroj Kapitola
KOHA link:https://koha.lib.tpu.ru/cgi-bin/koha/opac-detail.pl?biblionumber=241709

MARC

LEADER 00000naa2a2200000 4500
001 241709
005 20251217133915.0
035 |a (RuTPU)RU\TPU\book\262996 
035 |a RU\TPU\book\262990 
090 |a 241709 
100 |a 20130819d2013 k y0rusy50 ca 
101 0 |a rus 
102 |a RU 
135 |a drcn ---uucaa 
181 0 |a i  
182 0 |a b 
200 1 |a Газофазный синтез тетрафторобромата бария из бромида бария  |f А. А. Пастухов, И. А. Курский, В. И. Соболев  |g науч. рук. Р. В. Оствальд 
203 |a Текст  |c электронный 
225 1 |a Химия и химическая технология неорганических веществ и материалов 
300 |a Заглавие с титульного экрана 
320 |a [Библиогр.: с. 79 (1 назв.)] 
337 |a Adobe Reader 
461 1 |0 (RuTPU)RU\TPU\book\259433  |t Химия и химическая технология в XXI веке  |o материалы XIV Всероссийской научно-практической конференции имени профессора Л.П. Кулёва студентов и молодых ученых с международным участием, Томск, 13-16 мая 2013 г  |o в 2 т.  |f Национальный исследовательский Томский политехнический университет (ТПУ); Институт природных ресурсов (ИПР) ; Институт физики высоких технологий (ИФВТ) ; Физико-технический институт (ФТИ)  |d 2013 
463 1 |0 (RuTPU)RU\TPU\book\259435  |t Т. 1  |v [С. 78-79]  |d 2013 
610 1 |a труды учёных ТПУ 
610 1 |a электронный ресурс 
610 1 |a синтез 
610 1 |a бромиды бария 
610 1 |a тетрафторобромат бария 
700 1 |a Пастухов  |b А. А. 
701 1 |a Курский  |b И. А. 
701 1 |a Соболев  |b В. И.  |c российский ученый в области химической технологии редких, рассеянных и радиоактивных элементов  |c инженер-проектировщик Томского политехнического университета  |f 1989-  |g Василий Игоревич  |3 (RuTPU)RU\TPU\pers\30113 
702 1 |a Оствальд  |b Р. В.  |c химик-технолог  |c доцент Томского политехнического университета, кандидат химических наук  |f 1980-  |g Роман Вячеславович  |3 (RuTPU)RU\TPU\pers\25864  |4 727 
712 0 2 |a Национальный исследовательский Томский политехнический университет (ТПУ)  |b Физико-технический институт (ФТИ)  |b Кафедра химической технологии редких, рассеянных и радиоактивных элементов (№ 43) (ХТРЭ)  |3 (RuTPU)RU\TPU\col\18733 
801 2 |a RU  |b 63413507  |c 20130829  |g RCR 
856 4 |u http://www.lib.tpu.ru/fulltext/c/2013/C27/V1/037.pdf 
942 |c CF